[Event "Moscow-ch"]
[Site "Moscow"]
[Date "1997.??.??"]
[Round "7"]
[White "Gorelov, Sergey G"]
[Black "Dragomarezkij, Evgeni"]
[Result "1-0"]
[WhiteElo "2480"]
[BlackElo "2475"]
[PlyCount "43"]
[EventDate "1997.??.??"]
[EventType "swiss"]
[EventRounds "9"]
[EventCountry "RUS"]
[SourceTitle "EXT 2000"]
[Source "ChessBase"]
[SourceDate "1999.11.16"]
[SourceVersion "1"]
[SourceVersionDate "1999.11.16"]
[SourceQuality "1"]

1. e4 c5 2. Nf3 d6 3. d4 cxd4 4. Nxd4 Nf6 5. Nc3 Nc6 6. Bg5 Bd7 7. Qd2 Rc8 8. 0-0-0 Nxd4 9. Qxd4 Qa5 10. Bd2 a6 11. Bc4 Qc5 12. Qxc5 Rxc5 13. Bb3 h5 14. Rhe1 Ng4 15. Re2 g6 16. h3 Ne5 17. Be3 Rc8 18. f4 Nc4 19. Bxc4 Rxc4 20. e5 Be6 21. exd6 Bg7 22. d7+ 1-0

[Event "Moscow Alekhine op"]
[Site "Moscow"]
[Date "1996.??.??"]
[Round "4"]
[White "Gorelov, Sergey G"]
[Black "Gumirov, Konstantin L"]
[Result "1-0"]
[WhiteElo "2480"]
[BlackElo "2160"]
[PlyCount "85"]
[EventDate "1996.??.??"]
[EventType "swiss"]
[EventRounds "9"]
[EventCountry "RUS"]
[SourceTitle "EXT 1999"]
[Source "ChessBase"]
[SourceDate "1998.11.16"]
[SourceVersion "1"]
[SourceVersionDate "1998.11.16"]
[SourceQuality "1"]

1. d4 Nf6 2. c4 d6 3. Nc3 e5 4. Nf3 Qe7 5. Bg5 c6 6. Qd2 Bf5 7. 0-0-0 h6 8. Bxf6 Qxf6 9. dxe5 dxe5 10. Nxe5 Be7 11. f4 0-0 12. e4 Rd8 13. Bd3 Be6 14. g3 Na6 15. Qe2 Bb4 16. Nb1 b5 17. a3 Bf8 18. Bc2 Rdc8 19. Ng4 Qe7 20. e5 Nc5 21. Nd2 bxc4 22. Nxc4 Bd5 23. Rhe1 Rcb8 24. Nge3 Qb7 25. g4 Nb3+ 26. Kb1 Na5 27. Bd3 Nxc4 28. Nxc4 Bxc4 29. Bxc4 Bxa3 30. b3 Re8 31. g5 Bf8 32. gxh6 Qe7 33. hxg7 Bxg7 34. Qg4 Rad8 35. Rg1 Rxd1+ 36. Rxd1 Rd8 37. Rg1 Qf8 38. f5 Kh8 39. f6 Bh6 40. Qh5 Rd7 41. Rg7 Rd1+ 42. Kc2 Rd2+ 43. Kc3 1-0

[Event "Moscow-ch"]
[Site "Moscow"]
[Date "1996.??.??"]
[Round "2"]
[White "Gorelov, Sergey G"]
[Black "Leontiev, Aleksandr V"]
[Result "1/2-1/2"]
[WhiteElo "2485"]
[BlackElo "2365"]
[PlyCount "37"]
[EventDate "1996.08.??"]
[EventType "swiss"]
[EventRounds "11"]
[EventCountry "RUS"]
[SourceTitle "CBM 055 Extra"]
[Source "ChessBase"]
[SourceDate "1997.01.01"]
[SourceVersion "1"]
[SourceVersionDate "1997.01.01"]
[SourceQuality "1"]

1. d4 Nf6 2. Nf3 g6 3. c4 Bg7 4. g3 0-0 5. Bg2 d5 6. 0-0 c5 7. cxd5 Nxd5 8. Nc3 cxd4 9. Nxd4 Nxc3 10. bxc3 Qa5 11. Qb3 Nc6 12. Be3 Qa6 13. Rfe1 Bd7 14. Rab1 Rfb8 15. Rb2 Nxd4 16. cxd4 Bc6 17. Bxc6 Qxc6 18. Bf4 Bxd4 19. Bxb8 1/2-1/2

[Event "RUS-Cup2"]
[Site "Moscow"]
[Date "1996.??.??"]
[Round "9"]
[White "Gorelov, Sergey G"]
[Black "Zakharov, Alexander S"]
[Result "1-0"]
[WhiteElo "2485"]
[BlackElo "2340"]
[PlyCount "97"]
[EventDate "1996.11.28"]
[EventType "swiss"]
[EventRounds "9"]
[EventCountry "RUS"]
[SourceTitle "CBM 056 Extra"]
[Source "ChessBase"]
[SourceDate "1997.03.01"]
[SourceVersion "1"]
[SourceVersionDate "1997.03.01"]
[SourceQuality "1"]

1. Nf3 Nf6 2. c4 c5 3. Nc3 e6 4. e4 d6 5. d4 cxd4 6. Nxd4 b6 7. Be2 Bb7 8. f3 a6 9. Be3 Nbd7 10. 0-0 Be7 11. a4 0-0 12. a5 bxa5 13. Nb3 Rb8 14. Nxa5 Ba8 15. Qd2 Qc7 16. Rfc1 Rfc8 17. Kh1 h6 18. Na2 Bxe4 19. fxe4 Nxe4 20. Qe1 Rxb2 21. Nb4 Ndc5 22. Nbc6 Bf6 23. Ra3 Qb6 24. Bf3 Rxc6 25. Bxe4 Rc7 26. Bf3 Kh8 27. Rd1 Be5 28. Raa1 Kg8 29. h3 Kf8 30. Qh4 Bf6 31. Qe1 Be5 32. Ra3 Kg8 33. Bg1 Kf8 34. Re3 Bf4 35. Re2 Rxe2 36. Bxe2 Qb2 37. Bf3 Qc2 38. Qh4 Bg5 39. Qd4 Rd7 40. Nc6 Bf6 41. Qf4 Bg5 42. Qd4 Kg8 43. Qg4 Nb3 44. Nb4 Qc3 45. Nd5 Qb2 46. h4 Bd2 47. Be4 f5 48. Qg6 Qe5 49. Bh2 1-0

[Event "Moscow-ch"]
[Site "Moscow"]
[Date "1996.??.??"]
[Round "11"]
[White "Ivanov, Victor L"]
[Black "Gorelov, Sergey G"]
[Result "1-0"]
[WhiteElo "2375"]
[BlackElo "2485"]
[PlyCount "73"]
[EventDate "1996.08.??"]
[EventType "swiss"]
[EventRounds "11"]
[EventCountry "RUS"]
[SourceTitle "CBM 055 Extra"]
[Source "ChessBase"]
[SourceDate "1997.01.01"]
[SourceVersion "1"]
[SourceVersionDate "1997.01.01"]
[SourceQuality "1"]

1. e4 c5 2. c3 Nf6 3. e5 Nd5 4. Nf3 d6 5. d4 cxd4 6. cxd4 Nc6 7. Bc4 dxe5 8. dxe5 Ndb4 9. Qb3 e6 10. 0-0 a6 11. Bg5 Qc7 12. Qc3 h6 13. Bh4 Bd7 14. a3 Nd5 15. Bxd5 exd5 16. Qd3 Be6 17. Nc3 g5 18. Bg3 Rd8 19. Ne2 d4 20. Rfd1 Qb6 21. b4 Bg4 22. Qe4 Bxf3 23. gxf3 Bg7 24. f4 0-0 25. Nc1 gxf4 26. Bxf4 f6 27. exf6 Rxf6 28. Nd3 Qb5 29. Rac1 Qh5 30. Re1 Rff8 31. Qe6+ Kh8 32. Rc5 Qf3 33. Bxh6 Rg8 34. Rg5 Qxd3 35. Bxg7+ Rxg7 36. Rxg7 Kxg7 37. Re4 1-0

[Event "RUS-Cup2"]
[Site "Moscow"]
[Date "1996.??.??"]
[Round "2"]
[White "Losev, Dmitry"]
[Black "Gorelov, Sergey G"]
[Result "1/2-1/2"]
[WhiteElo "2375"]
[BlackElo "2485"]
[PlyCount "30"]
[EventDate "1996.11.28"]
[EventType "swiss"]
[EventRounds "9"]
[EventCountry "RUS"]
[SourceTitle "CBM 056 Extra"]
[Source "ChessBase"]
[SourceDate "1997.03.01"]
[SourceVersion "1"]
[SourceVersionDate "1997.03.01"]
[SourceQuality "1"]

1. e4 e5 2. Nf3 Nc6 3. Bc4 Bc5 4. Nc3 Nf6 5. Nd5 d6 6. c3 Nxd5 7. Bxd5 Qf6 8. d3 h6 9. Be3 Ne7 10. Bb3 Ng6 11. d4 Bb6 12. Qd2 0-0 13. 0-0-0 Be6 14. h4 Bxb3 15. axb3 exd4 1/2-1/2

[Event "Moscow5"]
[Site "Moscow"]
[Date "1995.??.??"]
[Round "3"]
[White "Fedorov, Alexei"]
[Black "Gorelov, Sergey G"]
[Result "1-0"]
[WhiteElo "2540"]
[BlackElo "2490"]
[PlyCount "45"]
[EventDate "1995.??.??"]
[EventType "tourn"]
[EventRounds "11"]
[EventCountry "RUS"]
[EventCategory "10"]
[SourceTitle "CBM 049"]
[Source "ChessBase"]
[SourceDate "1995.12.01"]
[SourceVersion "1"]
[SourceVersionDate "1995.12.01"]
[SourceQuality "1"]

1. e4 e5 2. f4 d5 3. exd5 exf4 4. Nf3 Nf6 5. Bc4 Nxd5 6. 0-0 c6 7. Bb3 Bd6 8. c4 Ne7 9. d4 0-0 10. Ng5 c5 11. Nc3 Nbc6 12. Nb5 Nf5 13. Qh5 h6 14. Ne4 Ncxd4 15. Nexd6 Nxd6 16. Nxd4 cxd4 17. Rxf4 Nf5 18. Rxf5 g6 19. Qxh6 Bxf5 20. Bg5 Qd6 21. Qh4 Kg7 22. c5 Qc6 23. Bh6+ 1-0

[Event "Moscow op"]
[Site "Moscow"]
[Date "1994.??.??"]
[Round "8"]
[White "Gorelov, Sergey G"]
[Black "Turov, Maxim"]
[Result "1/2-1/2"]
[WhiteElo "2505"]
[BlackElo "2490"]
[PlyCount "43"]
[EventDate "1994.??.??"]
[EventType "swiss"]
[EventRounds "9"]
[EventCountry "RUS"]
[SourceTitle "EXT 1997"]
[Source "ChessBase"]
[SourceDate "1996.11.15"]
[SourceVersion "1"]
[SourceVersionDate "1996.11.15"]
[SourceQuality "1"]

1. Nf3 Nf6 2. g3 g6 3. b3 Bg7 4. Bb2 0-0 5. Bg2 d5 6. c4 c5 7. cxd5 Nxd5 8. Bxg7 Kxg7 9. 0-0 e6 10. d4 Na6 11. Qc1 cxd4 12. Rd1 Qe7 13. Rxd4 Ndc7 14. Ne5 f6 15. Nc4 e5 16. Rd1 Rb8 17. Nc3 b6 18. Qa3 Qxa3 19. Nxa3 b5 20. Ne4 Be6 21. Rac1 Rfd8 22. Rxd8 1/2-1/2

[Event "Wisla BES op"]
[Site "Wisla"]
[Date "1992.??.??"]
[Round "5"]
[White "Chekhov, Valery A"]
[Black "Gorelov, Sergey G"]
[Result "1/2-1/2"]
[WhiteElo "2550"]
[BlackElo "2435"]
[PlyCount "92"]
[EventDate "1992.??.??"]
[EventType "swiss"]
[EventRounds "9"]
[EventCountry "POL"]
[SourceTitle "TD"]
[Source "ChessBase"]
[SourceDate "1994.03.01"]
[SourceVersion "1"]
[SourceVersionDate "1994.03.01"]
[SourceQuality "1"]

1. e4 e5 2. Nf3 Nc6 3. Bb5 a6 4. Ba4 Nf6 5. 0-0 Nxe4 6. d4 b5 7. Bb3 d5 8. dxe5 Be6 9. c3 Bc5 10. Nbd2 0-0 11. Bc2 Bf5 12. Nb3 Bg6 13. Nfd4 Bxd4 14. cxd4 a5 15. Be3 a4 16. Nc1 a3 17. b3 f6 18. Nd3 b4 19. Qe1 fxe5 20. Nxe5 Nxe5 21. dxe5 Qe7 22. f3 Nc3 23. Bxg6 hxg6 24. Bd4 Rf5 25. Qe3 c5 26. Bxc5 Rxe5 27. Bxe7 Rxe3 28. Bxb4 d4 29. Rf2 Rc8 30. Bxc3 Rexc3 31. Rd2 Rc2 32. Rxd4 Rb2 33. Rg4 Kf7 34. Rf4+ Kg8 35. Rg4 Kf7 36. h4 Rcc2 37. Re1 Re2 38. Rxe2 Rxe2 39. Ra4 Rxa2 40. Kh2 Ra1 41. Kg3 a2 42. Kf4 Rb1 43. Ra7+ Kg8 44. Rxa2 Rxb3 45. Kg5 Kh7 46. Ra5 Rc3 1/2-1/2

[Event "Cattolica op"]
[Site "Cattolica"]
[Date "1992.??.??"]
[Round "3"]
[White "Gorelov, Sergey G"]
[Black "Formanek, Edward W"]
[Result "1-0"]
[WhiteElo "2435"]
[BlackElo "2305"]
[PlyCount "71"]
[EventDate "1992.06.??"]
[EventType "swiss"]
[EventRounds "9"]
[EventCountry "ITA"]
[SourceTitle "EXT 1998"]
[Source "ChessBase"]
[SourceDate "1997.11.17"]
[SourceVersion "1"]
[SourceVersionDate "1997.11.17"]
[SourceQuality "1"]

1. e4 e6 2. d4 d5 3. Nd2 c5 4. exd5 Qxd5 5. Ngf3 cxd4 6. Bc4 Qd6 7. 0-0 Nf6 8. Nb3 Nc6 9. Nbxd4 Nxd4 10. Nxd4 a6 11. Bb3 Be7 12. c3 e5 13. Nf3 Qxd1 14. Rxd1 Nd7 15. Be3 f6 16. Rd2 Nc5 17. Bd5 Ne6 18. Rad1 g5 19. g3 Nc7 20. Be4 Kf7 21. Bb6 Ne6 22. b4 h6 23. Ne1 Ng7 24. Nd3 Ne6 25. a4 Kg7 26. a5 g4 27. Be3 Ng5 28. Bxg5 hxg5 29. Nc5 Bxc5 30. bxc5 f5 31. Bxb7 Ra7 32. c6 Rf8 33. Bxc8 Rxc8 34. Rd7+ Rxd7 35. cxd7 Rd8 36. c4 1-0

[Event "Wisla BES op"]
[Site "Wisla"]
[Date "1992.??.??"]
[Round "4"]
[White "Gorelov, Sergey G"]
[Black "Kholmov, Ratmir D"]
[Result "1-0"]
[WhiteElo "2435"]
[BlackElo "2485"]
[PlyCount "79"]
[EventDate "1992.??.??"]
[EventType "swiss"]
[EventRounds "9"]
[EventCountry "POL"]
[SourceTitle "TD"]
[Source "ChessBase"]
[SourceDate "1994.03.01"]
[SourceVersion "1"]
[SourceVersionDate "1994.03.01"]
[SourceQuality "1"]

1. e4 e5 2. Nf3 Nc6 3. Bb5 a6 4. Ba4 Nf6 5. 0-0 Be7 6. Re1 b5 7. Bb3 0-0 8. a4 Bb7 9. d3 d6 10. Nc3 b4 11. Ne2 Na5 12. Ba2 c5 13. c3 bxc3 14. bxc3 Bc6 15. Ng3 Qd7 16. d4 Qc7 17. h3 Rfb8 18. Ba3 Rb7 19. Ng5 Be8 20. Nf5 Bf8 21. f4 g6 22. dxe5 dxe5 23. fxe5 Qxe5 24. Nf3 Qc7 25. e5 Rd8 26. Qc2 Nh5 27. Nd6 Bxd6 28. exd6 Qxd6 29. Rad1 Qc7 30. Rxd8 Qxd8 31. Bxc5 Ng3 32. Ne5 Nf5 33. g4 Ng7 34. Qg2 Qc8 35. Bd4 Ne6 36. Bxe6 Qxe6 37. Nd3 Qc6 38. Qe2 Bd7 39. Qe5 f6 40. Qxa5 1-0

[Event "RUS-chT 01st"]
[Site "Podolsk"]
[Date "1992.??.??"]
[Round "?"]
[White "Gorelov, Sergey G"]
[Black "Rublevsky, Sergei"]
[Result "1/2-1/2"]
[WhiteElo "2435"]
[BlackElo "2505"]
[PlyCount "23"]
[EventDate "1992.??.??"]
[EventType "team"]
[EventRounds "12"]
[EventCountry "RUS"]
[SourceTitle "EXT 2020"]
[Source "ChessBase"]
[SourceDate "2019.10.17"]
[SourceVersion "1"]
[SourceVersionDate "2019.10.17"]
[SourceQuality "1"]
[WhiteTeam "Samara Krylya Sovetov"]
[BlackTeam "Cheliabinsk Khorda"]
[WhiteTeamCountry "RUS"]
[BlackTeamCountry "RUS"]

1. Nf3 d5 2. d4 Nf6 3. c4 c6 4. cxd5 cxd5 5. Nc3 Nc6 6. Bf4 Bf5 7. e3 e6 8. Bd3 Bxd3 9. Qxd3 Bd6 10. Bxd6 Qxd6 11. 0-0 0-0 12. Rac1 1/2-1/2